| 000 | 00911nas a2200301 4500 | ||
|---|---|---|---|
| 001 | BR0603444 | ||
| 003 | BR-BrBNA | ||
| 005 | 20231205110223.0 | ||
| 007 | ta | ||
| 008 | 230509b bl.|||p| |||| 00| 00por d | ||
| 040 |
_aBR-BrBNA _bpor _cBiblioteca Nacional de Agricultura |
||
| 041 | _a(Pt) | ||
| 072 | _aJ11; E80 | ||
| 100 | 1 | _aSouza, B.S. de | |
| 100 | 1 | _aDurigan, J.F. | |
| 100 | 1 | _aDonadon, J.R. | |
| 100 | 1 | _aSouza, P.S. de | |
| 245 | 1 | _aMangas minimamente processadas amadurecidas naturalmente ou com etileno e armazenadas em diferentes embalagens | |
| 650 | _aMANGA | ||
| 650 | _aPROCESSAMENTO | ||
| 650 | _aARMAZENAMENTO | ||
| 650 | _aEMBALAGEM | ||
| 650 | _aETILENO | ||
| 650 | _aPOLIETILENO | ||
| 773 | 0 |
_tRevista Brasileira de Fruticultura (Brazil) _xISSN 0100-2945 _g(Aug 2006), v. 28(2) p. 271-275 _wBR0603444 |
|
| 909 |
_a202311 _bLúcia _c55 _dLúcia Elande |
||
| 942 |
_2AGRIS _n0 _cANA |
||
| 999 |
_c186559 _d186559 |
||